Statistiken für RE 1 Haltestellen Norddeich Mole - Hannover Hbf

Klicken Sie hier um das Quiz zu spielen!

Allgemein

  • Dieses Quiz wurde 104 mal gespielt
  • Das Durchschnittsergebnis liegt bei 13 aus 22

Antwortstatistiken

AbfahrtHaltestelle% Korrekt
12:38Hannover Hbf
99%
08:41Norddeich
95%
11:17Bremen Hbf
93%
10:35Oldenburg (Oldb) Hbf
85%
08:39Norddeich Mole
82%
09:17Emden Hbf
76%
09:41Leer (Ostfriesl)
70%
12:03Nienburg (Weser)
68%
08:47Norden
65%
11:41Verden (Aller)
65%
12:25Wunstorf
65%
10:54Delmenhorst
63%
11:30Achim
60%
12:17Neustadt am Rübenberge
60%
10:12Bad Zwischenahn
48%
11:47Dörverden
39%
11:53Eystrup
39%
10:45Hude
39%
10:06Westerstede-Ocholt
38%
11:25Bremen-Mahndorf
37%
09:00Marienhafe
32%
09:59Augustfehn
29%

Verteilung der Resultate

Perzentil nach korrekt beantworteten Fragen

Anzahl Personen mit jedem Resultat

Ihre Resultats-Entwicklung

Sie haben dieses Quiz noch nicht gespielt